|
|
|
|
| LEADER |
00000nam a22000007a 4500 |
| 005 |
2021122207407.0 |
| 007 |
cr|||| |||| |
| 008 |
211222s2021 br |||||s|||| 00||0 por d |
| 020 |
|
|
|a 978-65-5515-150-3
|
| 035 |
|
|
|a 35515
|
| 040 |
|
|
|a vLex
|
| 090 |
|
|
|c 12766
|d 12766
|
| 100 |
1 |
|
|a Brito Machado, Hugo de
|
| 245 |
1 |
0 |
|a Tributaȯ̂ e novas tecnologias
|h [Recurso electrn̤ico] /
|c Hugo de Brito Machado
|
| 256 |
|
|
|a Servicio en ln̕ea
|
| 260 |
|
|
|a Indaiatuba:
|b Editora Foco,
|c 2021
|
| 300 |
|
|
|a 1 recurso electrn̤ico
|
| 500 |
|
|
|a Este livro, que temos a satisfaȯ̂ de apresentar ̉comunidade jurd̕ica, ̌fruto dessa nossa l︢tima pesquisa, e examina, portanto, queste̳s relativas ̉Tributaȯ̂ e Novas Tecnologias. Sua inegv̀el valia, que o coloca muito acima dos livros de autoria coletiva em geral, consiste em que oferece ao leitor, em um s ̤volume, resposta de muitos especialistas sobre as mesmas queste̳s, facilitando bastante o trabalho de quem pretenda enfrentar e resolver um problema relativo ̉tributaȯ̂ em face das novas tecnologias.
|
| 506 |
1 |
|
|a Disponible solo en los productos indicados
|d vLex Global
|d vLex Global (Academic Edition, excluding Law Schools)
|d vLex Global (U.S. Academic Edition, Law Schools)
|d vLex Global (U.S. Academic Edition, excluding Law Schools)
|d vLex Global (Academic Edition, Law Schools)
|
| 650 |
0 |
4 |
|a Derecho Tributario
|z Brasil
|
| 740 |
0 |
|
|a vLex Libros (Servicio en ln̕ea)
|
| 856 |
4 |
0 |
|u https://app.vlex.com/#/sources/35515
|z Acceso restringido
|
| 942 |
|
|
|c BOOK
|
| 999 |
0 |
|
|a Tax Law
|